000 00873nam a22002297a 4500
003 OSt
005 20260601193901.0
008 260507b2013 ne a|||| |||| 00| 0 eng d
020 _a9789063692834 (rústica)
040 _aICI
_bspa
_cICI
050 4 _aNA2542.36
_bS395
100 1 _aSchwarz, Michiel,
_eautor
_933868
245 1 _aSustainist design guide :
_bhow sharing, localism, connectedness and proportionality are creating a new agenda for social design /
_c Michiel Schwarz, Diana Krabbendam ; with the BEACH network
260 _aAmsterdam :
_bBIS Publishers,
_c[2013]
260 _c©2013
300 _a142 páginas
_b ilustraciones a color
_c23cm.
650 4 _aArquitectura sustentable
_933869
650 4 _aDiseño sustentable
_xAspectos sociales
_933870
700 1 _aKrabbendam, Diana,
_eautor
_933871
710 2 _aBEACH network
_933872
942 _2lcc
_cB
_n0
999 _c22235
_d22235